Central Library OPAC University of Rajshahi

The groundwork of criticism : (Record no. 18208)

MARC details
000 -LEADER
fixed length control field 00686pam a2200241 4500
001 - CONTROL NUMBER
control field 18208
003 - CONTROL NUMBER IDENTIFIER
rucl marc code BD-RjUL
005 - DATE AND TIME OF LATEST TRANSACTION
control field 20211209000243.0
008 - FIXED-LENGTH DATA ELEMENTS--GENERAL INFORMATION
fixed length control field 140219r19521947ctu 000 0 eng
020 ## - INTERNATIONAL STANDARD BOOK NUMBER
International Standard Book Number 0837169348
035 ## - SYSTEM CONTROL NUMBER
System control number (BD-RjUL)18266
040 ## - CATALOGING SOURCE
Original cataloging agency DLC
Transcribing agency DLC
Modifying agency DLC
-- BD-RjUL
Language of cataloging eng
041 ## - LANGUAGE CODE
Language code of text/sound track or separate title eng
082 00 - DEWEY DECIMAL CLASSIFICATION NUMBER
Classification number 801.951
Author mark and year GLG 1952
100 1# - MAIN ENTRY--PERSONAL NAME
Personal name Glassey, Stanley Churchill.
9 (RLIN) 2746
245 14 - TITLE STATEMENT
Title The groundwork of criticism :
Remainder of title Judging poetry /
Statement of responsibility, etc. by Stanley C. Glassey.
260 ## - PUBLICATION, DISTRIBUTION, ETC. (IMPRINT)
Place of publication, distribution, etc. WLondon :
Name of publisher, distributor, etc. Greenwood Press,
Date of publication, distribution, etc. 1947 [Reprinted 1952].
300 ## - PHYSICAL DESCRIPTION
Pagination 175 p. ;
Size 22 cm.
650 #0 - SUBJECT ADDED ENTRY--TOPICAL TERM
Topical term or geographic name as entry element Poetry.
9 (RLIN) 56058
942 ## - ADDED ENTRY ELEMENTS (KOHA)
Source of classification or shelving scheme Dewey Decimal Classification
Koha item type Books
Holdings
Lost status Source of classification or shelving scheme Damaged status Not for loan Collection code Permanent Location Current Location Shelving location Date acquired Source of acquisition Cost, normal purchase price Total Checkouts Full call number Date last seen Copy number Koha item type
  Dewey Decimal Classification   Not For Loan Non-fiction Central Library, University of Rajshahi Central Library, University of Rajshahi Reading Room 24/01/1955 H. B. P 12.00   801.951 GLG 1952 19/02/2014 C-1 Books
  Dewey Decimal Classification     Non-fiction Central Library, University of Rajshahi Central Library, University of Rajshahi   17/01/1955 O. U. P. 3.00   801.951 GLG 1952 30/12/2019 C-2 Books
  Dewey Decimal Classification     Non-fiction Central Library, University of Rajshahi Central Library, University of Rajshahi   26/02/1955 O. U. P. 3.00   801.951 GLG 1952 26/02/2020 C-3 Books